Ukraina - NATO: politiko-pravovi zasadi integracijnich procesiv
Gespeichert in:
| 1. Verfasser: | |
|---|---|
| Format: | Buchkapitel |
| Sprache: | Ukrainisch |
| Schlagworte: | |
| Tags: |
Keine Tags, Fügen Sie das erste Tag hinzu!
|
MARC
| LEADER | 00000naa$a2200000$$$4500 | ||
|---|---|---|---|
| 001 | 0095984 | ||
| 005 | 20240502083242.1 | ||
| 041 | 0 | |a ukr | |
| 044 | |a UA | ||
| 245 | 1 | 0 | |a Ukraina - NATO: politiko-pravovi zasadi integracijnich procesiv |c Peter Rusiňák |
| 610 | 2 | 0 | |a vzťahy medzinárodné |
| 610 | 2 | 0 | |a politika medzinárodná |
| 610 | 2 | 0 | |a spolupráca medzinárodná |
| 610 | 2 | 0 | |a organizácie medzinárodné |
| 610 | 2 | 0 | |a bezpečnosť |
| 610 | 2 | 0 | |a sily ozbrojené |
| 610 | 2 | 0 | |a integrácia |
| 610 | 2 | 0 | |a Ukrajina |
| 100 | 1 | |a Rusiňák, Peter | |